000 01062nam a2200289 i 4500
001 bg
003 BPK
005 20201028142003.0
008 030107s2001 pl f |000 0 pol
020 _a8323501696
040 _cBPK
041 0 _apol
080 _a327
080 _a(075.8)
245 0 0 _aStosunki międzynarodowe :
_bgeneza, struktura, dynamika /
_cpod red. naukową Edwarda Haliżaka i Romana Kuźniara.
250 _aWyd. 3 zm.
260 _aWarszawa :
_bWydawnictwa Uniwersytetu Warszawskiego,
_c2001.
300 _a587 s. ;
_c24 cm.
504 _aBibliogr.
655 4 _aPodręczniki akademickie
650 4 _aPolityka międzynarodowa
700 1 _aHaliżak, Edward
_d(1950- )
_eRedakcja
700 1 _aKuźniar, Roman
_d(1953- )
_eRedakcja
942 _cKS
_2udc
856 _uhttp://koha.tu.koszalin.pl/cgi-bin/koha/opac-detail.pl?biblionumber=42355
_yKatalog online BPK
999 _c42355
_d42355